Online katalóg knižníc regiónu Turca

Macko Puf / (Record no. 21252)

MARC details
000 -LEADER
fixed length control field 01649nam a2200469 a 4500
001 - CONTROL NUMBER
control field 21252
003 - CONTROL NUMBER IDENTIFIER
control field CZ PrNK
005 - DATE AND TIME OF LATEST TRANSACTION
control field 20260225151425.0
007 - PHYSICAL DESCRIPTION FIXED FIELD--GENERAL INFORMATION
fixed length control field ta
008 - FIXED-LENGTH DATA ELEMENTS--GENERAL INFORMATION
fixed length control field 110721s2011 xr a a 000 j slo
015 ## - NATIONAL BIBLIOGRAPHY NUMBER
National bibliography number cnb002202453
020 ## - INTERNATIONAL STANDARD BOOK NUMBER
International Standard Book Number 9788025217948
Qualifying information (váz.)
035 ## - SYSTEM CONTROL NUMBER
System control number (OCoLC)752797588
040 ## - CATALOGING SOURCE
Original cataloging agency BOA001
Language of cataloging cze
Modifying agency ABA001
041 1# - LANGUAGE CODE
Language code of text/sound track or separate title slo
Language code of original eng
072 #7 - SUBJECT CATEGORY CODE
Subject category code 821-93
Subject category code subdivision Literatura pro děti a mládež (beletrie)
Source Konspekt
080 ## - UNIVERSAL DECIMAL CLASSIFICATION NUMBER
Universal Decimal Classification number 821-32
Edition identifier MRF
080 ## - UNIVERSAL DECIMAL CLASSIFICATION NUMBER
Universal Decimal Classification number 821-93
Edition identifier MRF
080 ## - UNIVERSAL DECIMAL CLASSIFICATION NUMBER
Universal Decimal Classification number (0:82-32)
Edition identifier MRF
100 1# - MAIN ENTRY--PERSONAL NAME
Personal name Marsoli, Lisa Ann,
Dates associated with a name 1958-
Relationship aut
245 10 - TITLE STATEMENT
Title Macko Puf /
Statement of responsibility, etc. upravila Lisa Ann Marsoli ; ilustrácie Mario Cortes, Valeria Turati a Disney Storybook Artists ; preložila Irena Novotná
250 ## - EDITION STATEMENT
Edition statement 1. vyd.
260 ## - PUBLICATION, DISTRIBUTION, ETC.
Place of publication, distribution, etc. V Prahe :
Name of publisher, distributor, etc. Egmont,
Date of publication, distribution, etc. 2011
300 ## - PHYSICAL DESCRIPTION
Extent 63 s. :
Other physical details barev. il. ;
Dimensions 29 cm
490 1# - SERIES STATEMENT
Series statement Disney. Macko Puf
500 ## - GENERAL NOTE
General note Přeloženo z angličtiny
500 ## - GENERAL NOTE
General note Zpracováno podle knih A.A. Milneho a E.H. Sheparda Winnie the Pooh
655 #7 - INDEX TERM--GENRE/FORM
Genre/form data or focus term příběhy
Source of term czenas
655 #7 - INDEX TERM--GENRE/FORM
Genre/form data or focus term publikace pro děti
Source of term czenas
655 #9 - INDEX TERM--GENRE/FORM
Genre/form data or focus term stories
Source of term eczenas
655 #9 - INDEX TERM--GENRE/FORM
Genre/form data or focus term children's literature
Source of term eczenas
700 1# - ADDED ENTRY--PERSONAL NAME
Personal name Milne, Alan Alexander,
Dates associated with a name 1882-1956
Relationship ant
700 1# - ADDED ENTRY--PERSONAL NAME
Personal name Shepard, Ernest H.
Fuller form of name (Ernest Howard),
Dates associated with a name 1879-1976
Relationship ant
700 1# - ADDED ENTRY--PERSONAL NAME
Personal name Cortes, Mario
Relationship ill
700 1# - ADDED ENTRY--PERSONAL NAME
Personal name Turati, Valeria
Relationship ill
765 0# - ORIGINAL LANGUAGE ENTRY
Title Something is missing!
830 #0 - SERIES ADDED ENTRY--UNIFORM TITLE
Uniform title Disney (Egmont).
Name of part/section of a work Macko Puf
856 41 - ELECTRONIC LOCATION AND ACCESS
Uniform Resource Identifier <a href="http://krameriusndk.nkp.cz/search/handle/uuid:3ef61ce0-a8f5-11e7-ae0a-005056827e52">http://krameriusndk.nkp.cz/search/handle/uuid:3ef61ce0-a8f5-11e7-ae0a-005056827e52</a>
Link text Digitalizovaný dokument
901 ## - LOCAL DATA ELEMENT A, LDA (RLIN)
b 9788025217948
f 1. vyd.
o 20110823
910 ## - USER-OPTION DATA (OCLC)
User-option data ABA001
942 ## - ADDED ENTRY ELEMENTS (KOHA)
Source of classification or shelving scheme Dewey Decimal Classification
Koha item type Krásna literatúra pre deti
Suppress in OPAC No
Holdings
Stav vyradenia Strata Poškodenie Spôsob nadobudnutia Domovská knižnica Aktuálna knižnica Dátum nadobudnutia Total checkouts Čiarový kód exemplára Date last seen Typ exemplára
      Dar Obecná knižnica Turčianska Štiavnička Obecná knižnica Turčianska Štiavnička 25.02.2026   4738000029 25.02.2026 Krásna literatúra pre deti
Projekt je podporený Slovenskou asociáciou knižníc
Prevádzkuje Turčianska knižnica Martin 2026